00853nam a2200289Ia 4500008004000000020001500040041000800055082001600063100002600079245008500105260004200190300001200232440000700244650001000251650000700261650001100268650001300279650001300292650001800305650001800323650000800341650001300349690001200362906001100374999001900385952015900404210210b2006 xxu||||| |||| 00| 0 eng d a8130702878 aeng a902.02 LANC aLANGER (William L) Ed aChronological encyclopaedia of world history: ancient, medieval and modern Vol 2 aNew DelhibCosmo Publications.,c2006 a375-807 aII aworld aof amodern amedieval ahistory: aencyclopaedia aChronological aand aancient, aHistory a062270 c117173d117173 001040738HistoryaALbALcRSd2021-02-17eShri Krishna Sahitya Sansthan, New Delhig617.00l0o902.02 LANCp062270r2021-02-17 00:00:00w2021-02-17yBK